00353nam a22000977a 4500082002100000245012200021260003700143300003000180526003700210650000800247 a333.8232bASScD aAssessment of transportation growth in Asia and its effects on energy use the environment and traffic congestioncASS aWashingtonbThe world bankc1992 av, 61 p. :bill, c24 cm. a0b0c0d333_823200000000000_ASS aMCE